Dialéctica del terror en Guatemala /

Guardat en:
Dades bibliogràfiques
Autor principal: Aguilera Peralta, Gabriel
Altres autors: Romero Imert, Jorge et. al
Format: Text
Publicat: San José: EDUCA
Etiquetes: Afegir etiqueta
Sense etiquetes, Sigues el primer a etiquetar aquest registre!

MARC

LEADER 00000 a a2200000 04500
001 23910
003
040
090 |a 165300  
100 |a Aguilera Peralta, Gabriel  
245 |a Dialéctica del terror en Guatemala /  |c Gabriel Aguilera Peralta 
260 |a San José:   |b EDUCA  
300 |a 282 p; 2 copias   |b **no definido**   |b fonodiscos  
700 |a Romero Imert, Jorge   |a et. al  
999 |c 2647  |d 2647